00370pab a2200145 454500008004000000100001800040245004700058260000900105300001700114362000800131650002100139700001600160700001900176773002900195180718b2012 xxu||||| |||| 00| 0 eng d aEsteban, Joan aEthnicity and conflict: An empirical study c2012 ap.1310-1342. aJun aEthnic conflicts aRay, Debraj aMayoral, Laura aAmerican Economic Review